Environmentálne dane verzus emisné obchodné schémy v podmienkach Európskej únie

Environmentálna reforma. Systém obchodovania s emisiami. Znižovanie emisií v rámci Európskej únie. Podiel emisií skleníkových plynov v r. 2010 v Slovenskej republike podľa hlavného zdroja. Zdaňovanie energie. Daň verzus emisné obchodné schémy. Porovnanie energetických daní a obchodných schém.

Guardado en:
Detalles Bibliográficos
Autor principal: Válek, Juraj, 1981-
Formato: Capítulo de libro
Lenguaje:eslovaco
Materias:
Etiquetas: Agregar Etiqueta
Sin Etiquetas, Sea el primero en etiquetar este registro!

MARC

LEADER 00000nla a2200000 4500
001 0168489
005 20240506113527.1
041 0 |a slo 
044 |a CZ 
245 1 0 |a Environmentálne dane verzus emisné obchodné schémy v podmienkach Európskej únie  |c Juraj Válek 
520 |a Environmentálna reforma. Systém obchodovania s emisiami. Znižovanie emisií v rámci Európskej únie. Podiel emisií skleníkových plynov v r. 2010 v Slovenskej republike podľa hlavného zdroja. Zdaňovanie energie. Daň verzus emisné obchodné schémy. Porovnanie energetických daní a obchodných schém. 
610 2 0 |a ochrana prostredia životného 
610 2 0 |a dane ekologické 
610 2 0 |a reformy 
610 2 0 |a emisie 
610 2 0 |a obchod 
610 2 0 |a energia 
610 2 0 |a Slovensko 
610 2 0 |a Európska únia 
100 1 |a Válek, Juraj, 1981-